Hospodárska diplomacia na Slovensku a problémy, ktorým musí čeliť v 21. storočí

Charakteristika hospodárskej diplomacie na Slovensku. Vývoj, formovanie a funkcie Slovenskej hospodárskej diplomacie. Jej slabé stránky, ktoré je treba vylepšiť ako napríklad: ekonomizácia diplomatických vzťahov, upresnenie miesta hospodárskej diplomacie v rámci klasickej diplomacie, rozvoj spoluprá...

Descrizione completa

Salvato in:
Dettagli Bibliografici
Autore principale: Majtánová, Katarína
Natura: Capitolo di libro
Lingua:slovacco
Soggetti:
Tags: Aggiungi Tag
Nessun Tag, puoi essere il primo ad aggiungerne!!

MARC

LEADER 00000naa$a2200000$$$4500
001 0083005
005 20240610132500.8
041 0 |a slo 
044 |a SK 
245 1 0 |a Hospodárska diplomacia na Slovensku a problémy, ktorým musí čeliť v 21. storočí  |c Katarína Majtánová 
520 |a Charakteristika hospodárskej diplomacie na Slovensku. Vývoj, formovanie a funkcie Slovenskej hospodárskej diplomacie. Jej slabé stránky, ktoré je treba vylepšiť ako napríklad: ekonomizácia diplomatických vzťahov, upresnenie miesta hospodárskej diplomacie v rámci klasickej diplomacie, rozvoj spolupráce s obchodnými partnermi Slovenska a hľadanie nových partnerov a iné. 
610 2 0 |a diplomacia hospodárska 
610 2 0 |a Slovensko 
610 2 0 |a obchod zahraničný 
610 2 0 |a zabezpečenie personálne 
610 2 0 |a modely 
100 1 |a Majtánová, Katarína